000 01258nam a2200229Ia 4500
003 Ost
005 20260507075309.0
008 260507s9999||||xx |||||||||||||| ||und||
040 _cfsecg
041 _aara
082 _a330
100 _aمرسى، نبيل محمد
_eمؤلف
245 0 _aالمدير الاستراتيجي :
_bهل يمكن لشركتك النجاح بدون إعداد خطة استراتيجية /
_c نبيل محمد مرسى
260 _aالاسكندرية:
_bالمكتب الجامعي الحديث,
_c2006
300 _a206 صفحة؛
_bإيضاحات ؛
_c25 سم
520 _aكيفية إعداد الاسترتيجية و التدرب على التفكير الاستراتيجي ، الاداء الاستراتيجي و كيفية الممارسة كمدير استراتيجي ، تحليل أوضاع الصناعة و المنافسة في السوق و تحليل موقف الشركة بالمقارنة مع منافسيها و أخيرا كيفية إعداد خطة استراتيجية لشركتك و كيفية تنفيذها بنجاح.
653 _aالإدارة
653 _aالمديرون
653 _aرجال الأعمال
653 _aمديرو الشركات
942 _cكتاب
999 _c43831
_d43831